000 00507nam a2200181Ia 4500
005 20250508151236.0
008 008 250505s9999 xx 000 0 eng d
037 _aTextual
040 _aFEDL
_beng
_cFEDL
041 _aeng
_2eng
084 _a379.1, IND/O
_qFEDL
245 0 _aCentral expenditure on education India 1948-49 to 1950-51
245 0 _cIndia,. Education (Ministry of...)
260 _c1951
300 _a13p.
942 _cTEXL
_h379.1, IND/O
999 _c1328521
_d1328521